| 000 | 01680nam a2200349 a 4500 | ||
|---|---|---|---|
| 001 | ebr10480193 | ||
| 003 | CaPaEBR | ||
| 006 | m u | ||
| 007 | cr cn||||||||| | ||
| 008 | 090917s2009 enka sb 001 0 eng d | ||
| 010 | _z 2009279095 | ||
| 020 | _z9780745329123 (hbk.) | ||
| 020 | _z0745329128 (hbk.) | ||
| 020 | _z9780745329116 (pbk.) | ||
| 020 | _z074532911X (pbk.) | ||
| 020 | _z9781849644297 (e-book) | ||
| 040 |
_aCaPaEBR _cCaPaEBR |
||
| 035 | _a(OCoLC)656846707 | ||
| 050 | 1 | 4 |
_aJC571 _b.S777 2009eb |
| 100 | 1 | _aStammers, Neil. | |
| 245 | 1 | 0 |
_aHuman rights and social movements _h[electronic resource] / _cNeil Stammers. |
| 260 |
_aLondon ; _aNew York : _bPluto Press ; _aNew York : _bDistributed in the United States of America exclusively by Palgrave Macmillan, _c2009. |
||
| 300 |
_ax, 286 p. : _bill. |
||
| 504 | _aIncludes bibliographical references and index. | ||
| 505 | 0 | _aIntroduction -- Getting beyond the hall of mirrors -- The 'sociality' of natural rights -- The lost nineteenth century -- The paradox of institutionalisation -- New movements? Old wrongs? -- Expressive and instrumental dimensions of movement activism -- Analyses of globalisation and human rights -- Renewing the challenge to power. | |
| 533 |
_aElectronic reproduction. _bPalo Alto, Calif. : _cebrary, _d2013. _nAvailable via World Wide Web. _nAccess may be limited to ebrary affiliated libraries. |
||
| 650 | 0 | _aHuman rights. | |
| 650 | 0 | _aSocial movements. | |
| 655 | 7 |
_aElectronic books. _2local |
|
| 710 | 2 | _aebrary, Inc. | |
| 856 | 4 | 0 |
_uhttp://site.ebrary.com/lib/rucke/Doc?id=10480193 _zAn electronic book accessible through the World Wide Web; click to view |
| 999 |
_c220816 _d220816 |
||